000 00619nab a2200193 4500
001 244442
003 OSt
005 20231024080800.0
007 tu
008 200917s2020|||||||
040 _aDE-2950
_cDE-2950
245 0 0 _aElzbieta Polak klar vor allen anderen
_bWahlen in Polen. Die BĂĽrgerplattform KO liegt auch in der Wojewodschaft Lubuskie mit 37,73 Prozent der Stimmen in Front/
_cdum/thg
264 _c2023
653 _aFrankfurt (Oder)
653 _aWahlen in Polen
653 _aErgebnis Lubuskie
773 0 _g34. Jahrgang (2023) Nr. 244 vom 19.10.2023, S. 13
_tMärkische Oderzeitung
942 _2z
_cA
999 _c372789
_d372789